Intelligent Control Systems : An Introduction with Examples /

Introducción a los sistemas inteligentes de control. Debido a que el control inteligente surgió como un campo interdisciplinario entre la inteligencia artificial y el control por computadora, en esta obra se explican los fundamentos de representación del conocimiento, razonamiento, sistemas expertos...

Повний опис

Збережено в:
Бібліографічні деталі
Автор: Hangos, Katalin M. (autor)
Інші автори: Lakner, Rozália (autor) (autor), Gerzson, Miklós (autor) (autor)
Формат: Книга
Мова:Англійська
Опубліковано: Londres, Inglaterra : Kluwer, 2001, c2001
Серія:(Applied Optimization ; 60)
Предмети:
Теги: Додати тег
Немає тегів, Будьте першим, хто поставить тег для цього запису!

MARC

LEADER 00000nam^a2200000^a^4500
001 000152783
005 20250521000000.0
009 20260310100255.552
020 |a 1-4020-0134-7 
037 |a Acervo ITESO - Biblioteca 
041 |a ING 
082 |a 629. 89563  |b HAN 
100 |a Hangos, Katalin M.  |e (autor) 
245 1 0 |a Intelligent Control Systems :  |b An Introduction with Examples /  |c K.M. Hangos, R. Lakner, M. Gerzson. 
264 4 |a Londres, Inglaterra :  |b Kluwer,  |c 2001, c2001 
300 |a XVI, 299 p. 
336 |a texto  |b txt  |2 rdacontenido 
337 |a sin mediación  |b n  |2 rdamedio 
338 |a volumen  |b nc  |2 rdasoporte 
440 1 |a (Applied Optimization ;  |v 60) 
520 |a Introducción a los sistemas inteligentes de control. Debido a que el control inteligente surgió como un campo interdisciplinario entre la inteligencia artificial y el control por computadora, en esta obra se explican los fundamentos de representación del conocimiento, razonamiento, sistemas expertos y sistemas de control de tiempo real, como base para el diseño, puesta en marcha, verificación y operación de estos sistemas. 
649 |a XX 
650 |a Conocimiento 
650 |a Razonamiento 
650 |a Control Inteligente 
650 |a Sistemas de Control Digital 
650 |a Control Automático 
650 |a Control de Procesos 
650 |a Sistemas Expertos 
650 |a Lenguajes de Programación 
650 |a Programación Lineal 
650 |a Programación (Matemáticas) 
650 |a Programación (Software) 
650 |a Computadoras en la Industria 
650 |a Inteligencia Artificial 
650 |a Ingeniería Computacional 
650 |a Ingeniería Electrónica 
700 |a Lakner, Rozália  |e (autor) 
700 |a Gerzson, Miklós  |e (autor) 
910 |a Fondo General 
920 |a Impresos - Libros 
930 |a Colección General 
905 |a 101 
901 |a 0500081737  |b IT1  |c ACC  |u 20250521 
902 |a https://opac.biblio.iteso.mx/vufind/Record/000152783